| 000 | 00779nam a22002057a 4500 | ||
|---|---|---|---|
| 999 |
_c3252 _d3252 |
||
| 003 | AR-CdUCM | ||
| 008 | 190306b ||||| |||| 00| 0 spa d | ||
| 040 |
_aMUNICIPALIDAD PROVINCIAL DEL CUSCO _cBIBLIOTECA MUNICIPAL DEL CUSCO |
||
| 082 |
_a980 / _bF82 |
||
| 100 |
_aFrei Montalva, Eduardo _910861 |
||
| 245 | _aAmérica Latina tiene un Destino / | ||
| 260 |
_aSantiago de Chile : _bZig-Zag, _c1967. |
||
| 300 |
_a157 páginas : _c18 cm. |
||
| 505 | _aPrólogo -- La Universidad, conciencia social de la nación -- Ha llegado la hora de la integración -- Aremos en la tierra y no en el mar -- Sociedad humana y libre o violencia totalitaria... | ||
| 650 |
_aLatino-américa _910862 |
||
| 650 |
_aSiglo XX _98 |
||
| 650 |
_aChile _91150 |
||
| 942 |
_2ddc _cLIBROS |
||
| 945 | _admma | ||